| 000 | 00432pab a2200181 454500 | ||
|---|---|---|---|
| 008 | 180718b2010 xxu||||| |||| 00| 0 eng d | ||
| 100 | _aSud, S.C. | ||
| 245 | _aEstimation of design flood for a large basin with limited data | ||
| 260 | _c2010 | ||
| 300 | _ap.3-14. | ||
| 362 | _aOct-Dec | ||
| 650 | _aFloods | ||
| 700 | _aKumar, I. Ranjit | ||
| 700 | _aMathur, N.K. | ||
| 773 | _aBhagirath | ||
| 908 | _aN | ||
| 909 | _a93213 | ||
| 999 |
_c93213 _d93213 |
||